Qu'est-ce qui se cache derrière ces logos? - Statistiques

Statistiques générales
  • Ce quiz a été pris 649 fois
  • Le résultat moyen est 5 sur 16
Statistiques - réponses
Question Réponse % Correct
La pomme d'Apple est une référence à...? Isaac Newton
71%
Que représente la gravure du logo de Starbucks? Une sirène
55%
Pourquoi Audi a quatre cercles représentant son logo? L'union de quatres entreprises
50%
Qu'est-ce qui se cache derrière le crocodile de Lacoste? Un surnom de tennisman
42%
Que représente la partie centrale du logo de BMW? Le drapeau de la Bavière
39%
Le logo de Toblerone cache un ourson dans son glacier. Que représente-t-il? La ville de Berne
32%
Qui dessina le logo de Chupa Chups? Salvador Dali
32%
Qu'est-ce qui inspira le logo de Quicksilver? Une œuvre japonaise
26%
Les deux C entrelacé de Coco Chanel représentent évidemment ses initiales. Mais elle l'aurait trouvé...? Dans le chateau d'une amie
24%
Que représente le cheval du logo de Porsche? La ville de Stuttgart
18%
Quelle somme reçut Carolyn Davidson pour la création du logo de Nike? 35$
16%
McDonald's s'est inspiré d'une double arche pour son logo. Où se trouvait-elle? Phoenix
16%
L'oiseau de Twitter a un nom. À qui rend-t-il hommage? Un joueur de basket
13%
Que représente le logo de Citroën? Des éléments de toitures
8%
Pourquoi Shell présente une Coquille Saint-Jacques dans son logo? L'entreprise faisait des bibelots à base de coquillage
8%
Que représentent les losanges du logo de Mitsubishi? Des feuilles
5%
Aucun quiz correspondant
Distribution des résultats
% des personnes avec chaque résultat
Percentile par nombre de réponses
Votre historique - résultats
Vous n’avez pas pris ce quiz